000 00322 a2200133 4500
020 _a808380838083
028 _aThe Ideal Publishers
090 _c5609
_d5609
100 _aHamid Ali
245 _aThe Revised Leave Rules,1980 with Notifications
260 _aKarachi
300 _a33
942 _aNBS
_cBK
_k348.95491 ALI
999 _c348013
_d348013